| 000 | 00639nam a2200169Ia 4500 | ||
|---|---|---|---|
| 008 | 081213s9999 xx 000 0 und d | ||
| 020 | _a9966850740 | ||
| 050 |
_aBS2330 _b.C43 1980 |
||
| 100 | _aChauke, Elesinah | ||
| 245 |
_aNew Testament Survey 3: _b1 Timothy to Revelation _cElesinah Chauke and Beth Beckelhymer |
||
| 260 |
_c1980 _aNairobi _bEvangel Publishing House |
||
| 300 |
_a214 p.; _bill. _c21 cm. |
||
| 440 | _aAn Evangelical Programmed Text | ||
| 650 | _aBible N.T. | ||
| 942 |
_cBK _2lcc |
||
| 999 |
_c6181 _d6181 |
||